Some practical considerations for using RFLP markers to aid in selection during inbreeding of maize (Record no. 69027)

MARC details
000 -LEADER
fixed length control field 00486nam a2200169Ia 4500
100 ## - MAIN ENTRY--AUTHOR NAME
Personal name Zehr B E
245 #0 - TITLE STATEMENT
Title Some practical considerations for using RFLP markers to aid in selection during inbreeding of maize
260 ## - PUBLICATION, DISTRIBUTION, ETC. (IMPRINT)
Name of publisher Theoretical and applied genetics
Year of publication 1992
300 ## - PHYSICAL DESCRIPTION
Number of Pages 704-708
650 ## - SUBJECT ADDED ENTRY--TOPICAL TERM
Topical Term Marker based selection
650 ## - SUBJECT ADDED ENTRY--TOPICAL TERM
Topical Term RFLP
650 ## - SUBJECT ADDED ENTRY--TOPICAL TERM
Topical Term Zea mays L
700 ## - ADDED ENTRY--PERSONAL NAME
Personal name Chojecki
700 ## - ADDED ENTRY--PERSONAL NAME
Personal name Dudley J W
942 ## - ADDED ENTRY ELEMENTS (KOHA)
Koha item type Journals
Holdings
Withdrawn status Lost status Damaged status Not for loan Home library Current library Date acquired Serial Enumeration / chronology Koha item type
      Journals RRII Library RRII Library 17/12/2021 Volume 84, Issue 06-May Journals